States with 'T' Quiz Stats

 Plays Quiz Updated Oct 23, 2020

Support Sporcle.
Go Orange.
Score 0/15 Timer 02:00
1 Play Today
State % Correct
Texas
96.3%
Tennessee
91.9%
North Dakota
90.1%
South Dakota
88.1%
Washington
82.3%
Vermont
80.6%
Montana
77.9%
North Carolina
77.6%
State % Correct
Utah
75.5%
South Carolina
74.2%
Kentucky
73.7%
Connecticut
73.2%
West Virginia
71.6%
Massachusetts
70.1%
Minnesota
67.2%

From the Vault

57 'M' Movies

by DarkPhalanx

Movies 14m
The most moving and meticulous movies ever made.
Remove Ads.
Support Sporcle.
Get the best of Sporcle when you Go Orange. This ad-free experience offers more features, more stats, and more fun while also helping to support Sporcle. Thank you for becoming a member.

Show Comments

Extras

Top Quizzes Today


Score Distribution

Your Account Isn't Verified!

In order to create a playlist on Sporcle, you need to verify the email address you used during registration. Go to your Sporcle Settings to finish the process.

Report this User

Report this user for behavior that violates our Community Guidelines.

Details: